Visualizzazione normale
Vista MARC
- Sampayo A.
di Personal Name
Records bibliografici associati: 1
001 - CONTROL NUMBER
- control field: 1480
003 - CONTROL NUMBER IDENTIFIER
- control field: IT-RoPau
005 - DATE AND TIME OF LATEST TRANSACTION
- control field: 20131108223155.0
008 - FIXED-LENGTH DATA ELEMENTS
- fixed length control field: 131108|| aca||aabn | a|a d
040 ## - CATALOGING SOURCE
- Original cataloging agency: IT-RoPau
- Transcribing agency: IT-RoPau
100 ## - HEADING--PERSONAL NAME
- Personal name: Sampayo A.
- Miscellaneous information: Codice autore musica SPICS: 24192
- Relator term: Autore musica
- Name of part/section of a work: Vea patron
670 ## - SOURCE DATA FOUND
- Source citation: Work cat.: (IT-RoPau)99695: AA.VV. 794, Ahora basta patron! (Lp Zf 1415)